Historia - wiedza ogólna #13 - Statystyki

Ogólne statystyki
  • Ten quiz został rozwiązany 44 razy
  • Średni wynik to 11 z 20
Statystyki odpowiedzi
Pytanie Odpowiedź % Poprawnych
Które zwierzę zostało udomowione przez człowieka jako pierwsze, co najmniej 15 tys. lat temu? Pies
97%
Jak nazywa się materiał pisarski używany w starożytnym Egipcie? Papirus
95%
Jakie imię nosiła córka Jana Kochanowskiego, której został poświęcony cykl 19 trenów Jana Kochanowskiego z 1580 r? Urszula
92%
Która roślina pojawiła się we Włoszech w XVI wieku i otrzymała nazwę "pomo d'oro", czyli "złote jabłko"? Pomidor
85%
Które europejskie państwo skolonizowało państwo, które obecnie znane jest jako Demokratyczna Republika Konga? Belgia
77%
Kogo potępił Nikita Chruszczow w swoim przemówieniu z 1956 r., które znane jest jako "tajny referat"? {Józef}a {Stalin}a
64%
Co zostało zdelegalizowane przez 13. poprawkę do Konstytucji Stanów Zjednoczonych w 1865 r? Niewolnictwo
64%
Które miasto było stolicą dawnego królestwa Bohemii? Praga
64%
Jak nazywa się jednostka rządu sowieckiego, do którego dołączył Władimir Putin w 1975 r? KGB
62%
Które miasto zostało podbite przez Osmanów w 1453 r? Konstantynopol
62%
Kogo ukarał papież Urban VIII za stwierdzenie, że Ziemia krąży wokół Słońca? {Galileusz}a
54%
Kto został obdarzony przydomkiem "ojca medycyny"? Hipokrates
54%
Który wynalazek zakończył erę prehistorii? Pismo
51%
Która komunistyczna grupa rządziła Kambodżą pod koniec lat 70. - mordując około 25% ówczesnej ludności Kambodźy? Czerwoni Khmerzy
46%
Kto przeszedł przez 18 różnych strajków głodowych w swoim życiu, z czego pierwszy raz w 1913 r., a ostatni w 1948 r? Mahatma Gandhi
38%
Które miasto zostało zbudowane na miejscu, gdzie kiedyś znajdowało się Jezioro Texcoco? Meksyk
36%
Który akwen został nazwany przez Ferdynanda Magellana w 1521 r? Ocean Spokojny
36%
Która dynastia cesarska dała swoją nazwę grupie etnicznej stanowiącej ponad 90% ludności Chin? Han
23%
Kto wypowiedział słowa - "Nie wiem, czy będzie jeszcze kiedy jaka Polska, ale tego jestem pewien, że nie będzie już Polaków"? Mikołaj I Romanow
10%
Co było używane jako waluta na Malediwach aż do XX w? Muszle {cowrie}
3%
Nie znaleziono quizów pasujących do podanych kryteriów
Rozkład punktacji
Procent ludzi z każdym wynikiem
Percentyl według liczby udzielonych odpowiedzi
Twoja historia wyników
Nie rozwiązałeś tego quizu